Welcome to WEB OPAC of MRSPTU Central Library

Mechanics of Fluids (Record no. 6696)

MARC details
000 -LEADER
fixed length control field 00440nam a2200169Ia 4500
008 - FIXED-LENGTH DATA ELEMENTS--GENERAL INFORMATION
fixed length control field 230711s9999||||xx |||||||||||||| ||und||
020 ## - INTERNATIONAL STANDARD BOOK NUMBER
International Standard Book Number 978-93-3290-143-8
041 ## - LANGUAGE CODE
Language code of text/sound track or separate title ENG
082 ## - DEWEY DECIMAL CLASSIFICATION NUMBER
Classification number 620.106
Item number SH-M
100 ## - MAIN ENTRY--PERSONAL NAME
Personal name Shames Irving H
245 #0 - TITLE STATEMENT
Title Mechanics of Fluids
250 ## - EDITION STATEMENT
Edition statement 3rd Ed.
260 ## - PUBLICATION, DISTRIBUTION, ETC.
Date of publication, distribution, etc. 2014
Place of publication, distribution, etc. New Delhi
Name of publisher, distributor, etc. McGraw Hill Education(India) Private Limited
300 ## - PHYSICAL DESCRIPTION
Extent 855p.
650 ## - SUBJECT ADDED ENTRY--TOPICAL TERM
Topical term or geographic name entry element Mechanical Engineering
942 ## - ADDED ENTRY ELEMENTS (KOHA)
Koha item type Book
Holdings
Withdrawn status Lost status Damaged status Not for loan Collection Home library Current library Date acquired Source of acquisition Cost, normal purchase price Inventory number Total checkouts Full call number Barcode Date last seen Price effective from Koha item type Date last checked out
          MRSPTU Central Library MRSPTU Central Library 09/01/2043 Krishna Book Distributors 1095.00 KBD/2017-2018/1019543059   620.106 SH-M 39812 08/17/2023 08/17/2023 Book  
          MRSPTU Central Library MRSPTU Central Library 09/01/2043 Krishna Book Distributors 1095.00 KBD/2017-2018/1019543059   620.106 SH-M 39813 08/17/2023 08/17/2023 Book  
          MRSPTU Central Library MRSPTU Central Library 09/01/2043 Krishna Book Distributors 1095.00 KBD/2017-2018/1019543059   620.106 SH-M 39814 08/17/2023 08/17/2023 Book  
          MRSPTU Central Library MRSPTU Central Library 09/01/2043 Krishna Book Distributors 1095.00 KBD/2017-2018/1019543059 1 620.106 SH-M 39815 03/02/2026 08/17/2023 Book 01/30/2026
          MRSPTU Central Library MRSPTU Central Library 09/01/2043 Krishna Book Distributors 1095.00 KBD/2017-2018/1019543059   620.106 SH-M 39816 08/17/2023 08/17/2023 Book  
          MRSPTU Central Library MRSPTU Central Library 09/01/2043 Krishna Book Distributors 1095.00 KBD/2017-2018/1019543059   620.106 SH-M 39817 08/17/2023 08/17/2023 Book  

Website Designed and Developed by MRSPTU Central Library Team

E-mail Id: librarian@mrsptu.ac.in